000 00678nam a2200241 i 4500
001 C2-0308129
003 PPAK
005 20180728094924.0
008 110418s1990 my |||| ||||| | may d
020 _a9679023281
040 _aPPAK
_beng
_cPPAK
_erda
082 0 4 _a499.23076
_223
090 0 0 _a499.23076
_bHAZ
_dKMI
100 0 _aHazimah Alias,
_eauthor
245 1 0 _aS & J Bahasa Malaysia SPM
264 1 _aKuala Lumpur :
_bPustaka Sistem Pelajaran ,
_c1990
300 _a124 pages ;
_c21 cm
336 _2rdacontent
_atext
337 _2rdamedia
_aunmediated
338 _2rdacarrier
_avolume
650 1 0 _aBahasa Melayu - Problems, exercises etc.
942 _ddc
_cB
999 _c110781
_d110781